000 00640nam a2200145Ia 4500
008 220216s9999 xx 000 0 und d
100 _aTassnankul P
245 0 _aProcessing of concentrated latex with free TMTD and ZnO
260 _bSustainability of the NR Industry: Issues, Challenges & Opportunities: International Rubber Conference, 21-22 November 2016, Cambodian Rubber Research Institute (CRRI) and International Rubber Research and Development Board (IRRDB), Siem Reap, Cambodia, pp.529-532.
650 _aCarcinogenic nitrosamine
650 _aConcentrated latex
650 _aPreservative
650 _aTMTD/ZnO
942 _cJS
999 _c65782
_d65782